[Event "Merano Gold Cup 34th"]
[Site "Merano"]
[Date "2006.04.29"]
[Round "9"]
[White "Selkind, Leo"]
[Black "Otto, Klaus"]
[Result "1-0"]
[WhiteElo "1814"]
[BlackElo "1503"]
[PlyCount "95"]
[EventDate "2006.04.21"]
[EventType "swiss"]
[EventRounds "9"]
[EventCountry "ITA"]
[SourceTitle "EXT 2007"]
[Source "ChessBase"]
[SourceDate "2006.11.23"]
[SourceVersion "1"]
[SourceVersionDate "2006.11.23"]
[SourceQuality "1"]

1. e4 e6 2. Qe2 d6 3. g3 Nf6 4. Bg2 Be7 5. d4 0-0 6. Nf3 d5 7. e5 Nfd7 8. 0-0 c5 9. c3 Nc6 10. Be3 b6 11. Nbd2 a5 12. Rfd1 Ba6 13. Qe1 cxd4 14. Bxd4 Nxd4 15. Nxd4 Qc7 16. N2f3 Nc5 17. Bf1 Bxf1 18. Qxf1 Qb7 19. Nb5 Rfd8 20. Nfd4 Nd7 21. Qe2 Nf8 22. h4 h6 23. Rd2 Bc5 24. Rad1 Ng6 25. h5 Ne7 26. a3 Nc6 27. Nxc6 Qxc6 28. c4 d4 29. Nxd4 Bxd4 30. Rxd4 Rxd4 31. Rxd4 Rc8 32. Rd6 Qb7 33. Qe3 b5 34. Rb6 Qd7 35. Rd6 Qb7 36. c5 Qa7 37. b4 axb4 38. axb4 Kf8 39. Qd4 Ke7 40. Qc3 Rd8 41. Qd4 Ra8 42. Kg2 f6 43. exf6+ gxf6 44. Qe4 e5 45. Qh7+ Ke8 46. Qg8+ Ke7 47. Qe6+ Kf8 48. Rd7 1-0

[Event "Merano Gold Cup 34th"]
[Site "Merano"]
[Date "2006.04.23"]
[Round "3"]
[White "Schuchardt, Heinz"]
[Black "Selkind, Leo"]
[Result "0-1"]
[WhiteElo "1735"]
[BlackElo "1814"]
[PlyCount "48"]
[EventDate "2006.04.21"]
[EventType "swiss"]
[EventRounds "9"]
[EventCountry "ITA"]
[SourceTitle "EXT 2007"]
[Source "ChessBase"]
[SourceDate "2006.11.23"]
[SourceVersion "1"]
[SourceVersionDate "2006.11.23"]
[SourceQuality "1"]

1. c4 Nf6 2. Nc3 d6 3. g3 g6 4. Bg2 Bg7 5. e3 0-0 6. d4 c6 7. Nge2 Nbd7 8. 0-0 e5 9. b3 Qc7 10. Bb2 Re8 11. f3 Nf8 12. e4 Be6 13. d5 Bd7 14. Qd3 c5 15. Bc1 a6 16. Bd2 Rab8 17. a4 b6 18. Bg5 h6 19. Be3 b5 20. axb5 axb5 21. cxb5 Qb6 22. b4 Bxb5 23. Nxb5 Qxb5 24. Qxb5 Rxb5 0-1

[Event "Bad Woerishofen Seniors opA 22th"]
[Site "Bad Woerishofen"]
[Date "2006.03.18"]
[Round "2"]
[White "Selkind, Leo"]
[Black "Kuhnert, Werner Eberhard"]
[Result "1-0"]
[WhiteElo "1856"]
[BlackElo "1287"]
[PlyCount "53"]
[EventDate "2006.03.17"]
[EventType "swiss"]
[EventRounds "9"]
[EventCountry "GER"]
[SourceTitle "EXT 2022"]
[Source "ChessBase"]
[SourceDate "2021.10.06"]
[SourceVersion "1"]
[SourceVersionDate "2021.10.06"]
[SourceQuality "1"]

1. e4 e6 2. Qe2 Nc6 3. g3 e5 4. Nf3 Be7 5. Bg2 Nf6 6. c3 d6 7. 0-0 0-0 8. d4 exd4 9. cxd4 h6 10. Nc3 Re8 11. Be3 d5 12. e5 Ng4 13. Bf4 Bg5 14. Qd2 Bxf4 15. Qxf4 h5 16. h3 Nh6 17. Rad1 Be6 18. a3 Kh8 19. g4 Ng8 20. Ne2 hxg4 21. hxg4 Nh6 22. Qg3 Ne7 23. Ng5 Ng6 24. f4 Bd7 25. f5 Ne7 26. Nf4 Rg8 27. Rd2 1-0

[Event "Mecklenburg VP-ch Seniors 03rd"]
[Site "Plau am See"]
[Date "2003.10.06"]
[Round "1"]
[White "Selkind, Leo"]
[Black "Neese, Hans Joachim"]
[Result "0-1"]
[WhiteElo "1815"]
[BlackElo "2257"]
[PlyCount "83"]
[EventDate "2003.10.??"]
[EventType "swiss"]
[EventRounds "9"]
[EventCountry "GER"]
[SourceTitle "EXT 2006"]
[Source "ChessBase"]
[SourceDate "2005.11.24"]
[SourceVersion "1"]
[SourceVersionDate "2005.11.24"]
[SourceQuality "1"]

1. e4 c5 2. Nc3 d6 3. g3 Nf6 4. Bg2 g6 5. d3 Bg7 6. Be3 Nc6 7. h3 Rb8 8. Nge2 e5 9. Qd2 Nd4 10. Nd1 0-0 11. c3 Ne6 12. Bh6 b5 13. Bxg7 Kxg7 14. h4 h5 15. Ne3 Nc7 16. f4 Ng4 17. Nxg4 Bxg4 18. 0-0 f6 19. Rf2 a5 20. Raf1 Qd7 21. d4 Qe7 22. d5 c4 23. fxe5 fxe5 24. Rxf8 Rxf8 25. Rxf8 Qxf8 26. Qe3 Qb8 27. Kf2 Na6 28. Nc1 Qf8+ 29. Ke1 Nc5 30. b4 axb4 31. cxb4 Na4 32. Kd2 Qb8 33. Kc2 Qc7 34. Bf1 Qf7 35. Bg2 Qb7 36. Bf1 Nb6 37. Be2 Bh3 38. Qg5 Bg2 39. Qe3 Nd7 40. Bf3 Bh3 41. Ne2 Nf6 42. Nc3 0-1